<?xml version="1.0" encoding="UTF-8"?>
<record
    xmlns:xsi="http://www.w3.org/2001/XMLSchema-instance"
    xsi:schemaLocation="http://www.loc.gov/MARC21/slim http://www.loc.gov/standards/marcxml/schema/MARC21slim.xsd"
    xmlns="http://www.loc.gov/MARC21/slim">

  <leader>01055nam a22002175i 4500</leader>
  <controlfield tag="001">162276</controlfield>
  <controlfield tag="003">ES-MaACL</controlfield>
  <controlfield tag="005">20250814031827.0</controlfield>
  <controlfield tag="008">990624s1774    fr           |||| | fre d</controlfield>
  <datafield tag="040" ind1=" " ind2=" ">
    <subfield code="a">CAM </subfield>
    <subfield code="b">spa </subfield>
    <subfield code="c">CAM</subfield>
  </datafield>
  <datafield tag="100" ind1="1" ind2=" ">
    <subfield code="a">Plinio Segundo, Cayo</subfield>
    <subfield code="9">92659</subfield>
  </datafield>
  <datafield tag="245" ind1="1" ind2="0">
    <subfield code="a">Histoire naturelle de Pline / </subfield>
    <subfield code="c">traduite en fran&#xE7;ois ... accompagn&#xE9;e de notes critiques pour l'&#xE9;claircissement du texte ...; tome septieme.</subfield>
  </datafield>
  <datafield tag="260" ind1=" " ind2=" ">
    <subfield code="a">A Paris : </subfield>
    <subfield code="b">chez la veuve Desaint libraire ..., </subfield>
    <subfield code="c">1774 (</subfield>
    <subfield code="f">De l'imprimerie de Didot)</subfield>
  </datafield>
  <datafield tag="300" ind1=" " ind2=" ">
    <subfield code="a">[4], 699, [1] p. ; </subfield>
    <subfield code="c">4&#xBA;.</subfield>
  </datafield>
  <datafield tag="596" ind1=" " ind2="1">
    <subfield code="a">Imp. tomado de colof&#xF3;n.</subfield>
  </datafield>
  <datafield tag="597" ind1=" " ind2="1">
    <subfield code="a">Sign.: []\p2\s, A-4S\p4\s, 4T\p2\s.</subfield>
  </datafield>
  <datafield tag="597" ind1=" " ind2="1">
    <subfield code="a">Antep.</subfield>
  </datafield>
  <datafield tag="650" ind1=" " ind2="7">
    <subfield code="a">Ciencias naturales</subfield>
    <subfield code="2">embne</subfield>
    <subfield code="9">10984</subfield>
  </datafield>
  <datafield tag="852" ind1=" " ind2=" ">
    <subfield code="a">ES-MaACL</subfield>
    <subfield code="j">R-1013-24  </subfield>
    <subfield code="z">-- Enc. pasta espa&#xF1;ola, con hierros dorados</subfield>
    <subfield code="z">-- Sello : "Propri&#xE9;t&#xE9; des Trois"   </subfield>
    <subfield code="z">-- Sello : "S.D.S. Y. D.A."   </subfield>
    <subfield code="x">-- Edic.: a&#xF1;adir en T245 "... traduite en fran&#xE7;ois, avec le texte latin..." -- T594 Texto paralelo lat&#xED;n-franc&#xE9;s  </subfield>
    <subfield code="x"> Olim: G-7020-31</subfield>
  </datafield>
  <datafield tag="999" ind1=" " ind2=" ">
    <subfield code="c">162276</subfield>
    <subfield code="d">162276</subfield>
  </datafield>
  <datafield tag="952" ind1=" " ind2=" ">
    <subfield code="0">0</subfield>
    <subfield code="1">0</subfield>
    <subfield code="4">0</subfield>
    <subfield code="7">0</subfield>
    <subfield code="8">LIBXVIII</subfield>
    <subfield code="a">ATENEOM</subfield>
    <subfield code="b">ATENEOM</subfield>
    <subfield code="c">DEPO</subfield>
    <subfield code="d">2008-01-17</subfield>
    <subfield code="l">0</subfield>
    <subfield code="o">R-1013-24</subfield>
    <subfield code="p">1170008</subfield>
    <subfield code="r">2023-02-23 00:00:00</subfield>
    <subfield code="w">2023-02-23</subfield>
    <subfield code="y">MONANT</subfield>
  </datafield>
</record>
